| 000 | 00881cam a22002891a 4500 | ||
|---|---|---|---|
| 001 | agr67000179 | ||
| 003 | DLC | ||
| 005 | 20260227111026.0 | ||
| 008 | 781116s1967 dcu f000 0 eng | ||
| 010 | _aagr67000179 | ||
| 035 | _a(OCoLC)4376778 | ||
| 040 |
_aDLC _cTxU _dTxU _dDNAL _dDLC |
||
| 042 | _apremarc | ||
| 043 | _an-mx--- | ||
| 050 | 0 | 0 |
_aS21 _b.Z2383 no. 185 |
| 070 | 0 |
_aA281.9 _bF76Fm no.185 |
|
| 072 | 0 |
_aE700 _aQ002 |
|
| 100 | 1 |
_aRiesz, John E. _q(John Edward), _d1937- |
|
| 245 | 1 | 0 |
_aLivestock and meat industry of Mexico / _c[by John E. Riesz]. |
| 260 |
_a[Washington, D.C.] : _bForeign Agricultural Service, U.S. Dept. of Agriculture, _c1967. |
||
| 300 |
_aiv, 7 p. ; _c26 cm. |
||
| 490 | 1 |
_aFAS-M ; _v185 |
|
| 500 | _aCover title. | ||
| 650 | 0 |
_aMeat industry and trade _zMexico. |
|
| 650 | 0 |
_aMarketing of livestock _zMexico. |
|
| 830 | 0 |
_aFAS M. ; _v185. |
|
| 999 |
_c12206 _d12206 |
||